Štatistické spracovanie dát dotazníkového prieskumu bakalárska práca

Salvato in:
Dettagli Bibliografici
Autore principale: Benková, Natália
Ente Autore: Fakulta hospodárskej informatiky EU. Katedra štatistiky
Altri autori: Košíková, Martina, 1997-
Natura: Libro
Lingua:slovacco
Pubblicazione: Bratislava 2023
Tags: Aggiungi Tag
Nessun Tag, puoi essere il primo ad aggiungerne!!

MARC

LEADER 00000nbm a2200000 4500
001 0294976
005 20240306081406.6
041 0 |a slo 
044 |a SK 
245 1 0 |a Štatistické spracovanie dát dotazníkového prieskumu  |b bakalárska práca  |c Natália Benková ; školiteľ: Martina Košíková 
264 1 |a Bratislava  |c 2023 
300 |a 56 s. 
100 1 |a Benková, Natália 
700 1 |a Košíková, Martina, 1997- 
710 2 |a Fakulta hospodárskej informatiky EU. Katedra štatistiky